| 000 | 004880000a22001570004500 | ||
|---|---|---|---|
| 003 | MACL | ||
| 005 | 20180303124653.0 | ||
| 008 | 180303b xxu||||| |||| 00| 0 eng d | ||
| 040 | _cmacl | ||
| 100 |
_a दूबे, सुरेश _970967 |
||
| 245 | _aचले गांव की ओर | ||
| 260 |
_b अपराजिता पब्लिकेशन _c2004 |
||
| 350 | _a50 | ||
| 650 |
_a चिल्ड्रन्स बुक, _968548 |
||
| 942 |
_cHIN _k741.642 _2ddc |
||
| 999 |
_c18386 _d18386 |
||